| 000 | 00996cam a22003137a 4500 | ||
|---|---|---|---|
| 003 | CHAP | ||
| 005 | 20220329135159.0 | ||
| 008 | 971013s1967 r 00010 d | ||
| 010 | _a32242 | ||
| 011 | _a33214 | ||
| 035 | _a37329 | ||
| 040 | _cCHAP | ||
| 082 |
_a595.76 _bC7 |
||
| 100 | 0 | 0 |
_aCrowson, R. A. _929234 |
| 245 | 1 | 4 | _aThe natural classification of the families of coleoptera |
| 260 |
_aHampton, Middlesex : _bClassey, _c1967 |
||
| 300 |
_a214 p. _b: ilus. |
||
| 590 |
_aBATCH-UPD _b10 _c20130110 _lUCH01 _h0333 |
||
| 590 |
_aBATCH-UPD _b10 _c20130110 _lUCH01 _h2110 |
||
| 590 |
_aBATCH-UPD _b10 _c20130410 _lUCH01 _h0006 |
||
| 590 |
_aBATCH-UPD _b10 _c20130410 _lUCH01 _h1616 |
||
| 590 |
_aBATCH-UPD _b10 _c20130914 _lUCH01 _h1007 |
||
| 590 |
_aCONVERSION _b10 _c20130109 _lUCH01 _h1318 |
||
| 650 | 1 | 4 |
_aColeópteros. _925123 |
| 650 | 1 | 4 |
_aEntomología sistemática. _937154 |
| 901 | _aBK | ||
| 942 | _cLIBRO | ||
| 949 |
_a595.76 C7 _bBC _cLIBRO _d33724000369294 _eLIBRO _h53508 _i37329 _si _t477.00 |
||
| 999 |
_c32242 _d32242 |
||